Where Did These 2022-2023 Players Play Before Joining Juventus - Statistics

General Stats
  • This quiz has been taken 61 times
  • The average score is 31 of 60
Answer Stats
Player Nationality Position Year Joined Answer % Correct
Wojciech Szczęsny Poland GK 2017 Arsenal
91%
Leonardo Bonucci Italy DF 2010/2017 Bari/Ac Milan
89%
Dušan Vlahović Serbia FW 2022 Fiorentina
89%
Danilo Brazil DF 2019 Manchester City
89%
Paul Pogba France MF 2012/2022 Manchester United
89%
Adrien Rabiot France MF 2019 Paris Saint-Germain
89%
Federico Chiesa Italy FW 2020 Fiorentina
87%
Ángel Di María Argentina FW 2022 Paris Saint-Germain
84%
Manuel Locatelli(On loan at Juve) Italy MF 2021 Sassuolo
84%
Gleison Bremer Brazil DF 2022 Torino
84%
Leandro Paredes(On loan at Juve) Argentina MF 2022 Paris Saint-Germain
82%
Arthur Melo Brazil MF 2020 Barcelona
78%
Mattia Perin Italy GK 2018 Genoa
78%
Weston McKennie USA MF 2020 Schalke 04
78%
Mattia De Sciglio Italy DF 2017 AC Milan
76%
Filip Kostić Serbia MF 2022 Eintracht Frankfurt
76%
Juan Cuadrado Colombia MF 2017 Chelsea
73%
Moise Kean Italy FW 2021 Everton
71%
Arkadiusz Milik(On loan at Juve) Poland FW 2022 Marseille
71%
Fabio Miretti Italy MF 2021 Juventus(Academy)
69%
Nicolò Fagioli Italy MF 2021 Juventus(Academy)
69%
Filippo Ranocchia Italy MF 2019 Juventus(Academy)
67%
Alex Sandro Brazil DF 2015 FC Porto
64%
Hans Nicolussi Italy MF 2018 Juventus(Academy)
64%
Dejan Kulusevski Sweden MF 2020 Atalanta
62%
Denis Zakaria Switzerland MF 2022 Borussia Monchengladbach
62%
Daniele Rugani Italy DF 2013 Juventus(Academy)
62%
Samuel Iling-Junior England FW 2021 Juventus(Academy)
62%
Angel Chibozo Benin FW 2022 Juventus(Academy)
62%
Matías Soulé Argentina FW 2021 Juventus(Academy)
60%
Marco Da Graca Italy FW 2020 Juventus(Academy)
60%
Mattia Del Favero Italy GK 2018 Juventus(Academy)
58%
Alessandro Di Pardo Italy MF 2018 Juventus(Academy)
58%
Giovanni Garofani Italy GK 2021 Juventus(Academy)
56%
Koni De Winter Belgium DF 2021 Juventus(Academy)
56%
Filippo Fiumanò Italy DF 2021 Juventus(Academy)
56%
Albian Hajdari Switzerland DF 2020 Juventus(Academy)
56%
Daniel Leo Switzerland DF 2020 Juventus(Academy)
51%
Marco Olivieri Italy FW 2019 Juventus(Academy)
51%
Carlo Pinsoglio Italy GK 2010/2014 L.R. Vicenza/Juventus(Academy)
51%
Mohamed Ihattaren Netherlands MF 2021 PSV Eindhoven
49%
Luca Pellegrini Italy DF 2019 AS Roma
47%
Andrea Cambiaso Italy DF 2022 Genoa
44%
Nicolò Rovella Italy MF 2021 Genoa
40%
Marko Pjaca Croatia FW 2016 Dinamo Zagreb
36%
Kaio Jorge Brazil FW 2021 Santos
33%
Marley Aké France FW 2021 Marseille
24%
Félix Correia Portugal FW 2020 Manchester City
13%
Christopher Lungoyi Switzerland FW 2021 Lugano
4%
Tommaso Barbieri Italy DF 2022 Novara FC
4%
Ferdinando Del Sole Italy FW 2017 Pescara
4%
Stefano Gori Italy GK 2020 Pisa
4%
Gianluca Frabotta Italy DF 2019 Bologna
2%
Davide De Marino Italy DF 2021 Pro Vercelli
2%
Enzo Barrenechea Argentina MF 2020 Sion
2%
Mattia Compagnon Italy MF 2021 Udinese
2%
Alejandro Marqués Venezuela FW 2020 Barcelona B
0%
Alessandro Minelli Italy DF 2020 Parma
0%
Gianmarco Di Biase Italy FW 2023 Pistoiese
0%
Erasmo Mulè Italy DF 2019 Sampdoria
0%
No matching quizzes found
Score Distribution
Percent of People with Each Score
Percentile by Number Answered
Your Score History
You have not taken this quiz